000 00196 a2200097 4500
001 44043
100 _aSinha
245 _aHaider Ali 1721-1779
260 _aCalcutta
_b
_c
090 _c27785
_d27785
942 _aNUST-CAE
_cM
_c19763
999 _c279116
_d279116